• 首页
  • 本馆介绍
  • 公告通知
  • 最新文献
  • 馆藏检索
  • 电子资源
  • 读者导购
  • 参考咨询
  • 我的图书馆
  • 登录
  • 详细信息显示
  • 放入我的书架
  • 预约/预借图书
  • 作者相关作品
  • 分类相关作品
  • 丛书相关作品
  • 出版社相关作品

书目信息

  • 表格格式
  • 工作单格式
  • 卡片格式
题名:
村上春树和他的作品
    
 
作者: 林少华 著
分册:  
出版信息: 银川   宁夏人民出版社  2005
页数: 226页
开本: 21cm
丛书名: 人文日本新书
单 册:
中图分类: I313.065
科图分类:
主题词:
电子资源:
ISBN: 7-227-02833-X
000 00739oam2 2200229 450
005 20070606204409.00
010    @a7-227-02833-X@dCNY33.80
100    @a20060606d2005 ekmy0chiy0110 ea
101 0  @achi
102    @aCN@b640000
105    @aa z 000yy
200 1  @a村上春树和他的作品@Acun shang chun shu he ta de zuo pin@f林少华著
210    @a银川@c宁夏人民出版社@d2005
215    @a226页@c照片, 图@d21cm
225 2  @a人文日本新书
330    @a本书包括:村上春树的文学世界、悠然心会村上、让“房间”远游、附录等内容。
461  0 @12001 @a人文日本新书
600 0  @a村上春树 (1949~)@x文学评论
690    @aI313.065@v4
701  0 @a林少华@Alin shao hua@4著
801  0 @aCN@bTAOJIN@c20070606
905    @a10447@dI313.065@e238
    
    村上春树和他的作品/林少华著 .-银川:宁夏人民出版社,2005
    226页:照片, 图;21cm .-(人文日本新书 )
    
    
    ISBN 7-227-02833-X:CNY33.80
    本书包括:村上春树的文学世界、悠然心会村上、让“房间”远游、附录等内容。
●
相关链接 在E读中查询图书 在五车中查询图书 在当当中查询图书 在豆瓣中查询图书


正题名:村上春树和他的作品     索取号:I313.065/238         预约/预借

序号 登录号 条形码 馆藏地/架位号 状态 备注
1 0527113   205271132   第一样本阅览室/ [索取号:I313.065/238] 在馆    
2 0527114   205271141   第二借阅区/ [索取号:I313.065/238] 在馆    
3 0527115   205271150   第二借阅区/ [索取号:I313.065/238] 在馆    
4 0527116   205271169   第二借阅区/ [索取号:I313.065/238] 在馆    
唐山师范学院图书馆 欢迎您!
大连网信软件有限公司© 版权所有